{"text_format":"3","workbook":"xls","n_sheets":3,"sheets":["Sheet1","Sheet2","Sheet3"],"read":"whole","date_system":"1900","formulas":"cached_only"}

{"sheet":"Sheet1","index":0,"n_rows":30,"n_cols":13,"rows_kept":30,"merged":[[1,10,2,10],[1,11,2,11],[1,12,2,12],[3,10,7,10],[3,11,7,11],[3,12,7,12],[9,10,15,10],[9,11,15,11],[9,12,15,12],[19,10,23,10],[19,11,23,11],[19,12,23,12],[25,10,28,10],[25,11,28,11],[25,12,28,12]],"flags":["formulas_cached_only"]}
["物料编码","名称","规格","单位","数量","备注","主机名称及型号","使用单位","含税单价","最高限价","采购保证金\n（元","采购方式","竞价要求"]
["1240302018","煤矿用阻燃钢丝绳牵引输送带","SL/S 1126 5×5×1080-40-3×3","米",150,"米'浙江长桥橡胶有限公司，提供第三方阻燃检测报告",null,"大矿",1350,202500,5000,"询比采购","参与项目采购的输送带须保障矿方使用质量，与大矿现使用输送机配套，参考品牌：浙江长桥橡胶有限公司，其他品牌产品技术指标等同或更优的也可竞价。"]
["1240302054","橡胶面整芯阻燃输送带","1400S/800mm","米",200,"米'提供第三方检测阻燃报告",null,"大矿",250,50000]
["1240206107","四层钢丝缠绕高压液压支架软管","4SP-31.5","米",1000,"米'恒宇集团液压流体科技河北有限公司",null,"大矿",86,86000,3500,"询比竞价","涉及安全生产物资，参与项目采购的胶管等物资须保障矿方使用质量，适配主机型号。参考品牌：恒宇集团液压流体科技河北有限公司，其他品牌产品技术指标等同或更优的也可竞价。"]
["1240206548","高压胶管总成","KJ51*10M","根",15,"根",null,"王矿",1400,21000]
["1240206549","高压胶管总成","KJ51*6M","根",10,"根",null,"王矿",900,9000]
["1240206193","高压胶管总成","DN76×4S  L＝10M","条",20,"条",null,"王矿",2289,45780]
["1240206195","高压胶管总成","DN76×4S L＝5M","条",10,"条",null,"王矿",1357,13570]
[{"$nulls":9},175350]
["1240101097","装载机轮胎","23.5-25/20PR","套",2,"套，正新",null,"一矿",7360,14720,3700,"询比采购","参与项目采购的轮胎等物资须保障矿方使用质量。参考品牌：正新，其他品牌产品技术指标等同或更优的也可竞价。"]
["1240101143","轮胎","3.75-12","套",2,"套' ",null,"大矿",195,390]
["1240101078","轮胎","10.00-R20","条",6,"条'正新竖花纹18PR",null,"魏矿",2438,14628]
["1240101067","装载机轮胎","16/70-20","条",10,"条，正新",null,"王矿",1553,15530]
["1240101022","轮胎（正新）","1200-20","条",44,"条'正新",null,"王矿40，一矿4",2611,114884]
["1240101119","叉车轮胎","9.00-20","套",6,"套'正新",null,"王矿",2560,15360]
["1240101125","钢丝轮胎","8.25-15","套",10,"套'正新",null,"王矿",1173,11730]
[{"$nulls":9},187242]
["1240701062","煤矿许用数码电子雷管","3米","发",20000,"发'白银市平安民用爆炸物品有限责任公司",null,"魏矿",19,380000,7300,"询比采购","参与项目采购的雷管涉及安全生产，参与竞价事需提供民用爆炸物品使用属于公安系统监管，需持有民用爆炸品销售许可证资质。"]
["1210502011","钢绞线","1*19S-21.8","吨",200,"吨'符合国家标准及行业标准；执行标准：GB/T 5224-2023，MT/T 942-2005《矿用锚索》抗拉强度1860MPa拉拔力≥367kN托板承载力≥524kN；宁夏恒力钢丝绳有限公司",null,"储备",5650,1130000,22600,"询比采购","涉及安全生产物资，参与项目采购物资须保障矿方使用质量，满足材质要求，符合国家标准及行业标准。参考品牌：宁夏恒力钢丝绳有限公司，其他品牌产品技术指标等同或更优的也可竞价。"]
["1210501027","钢丝绳","6*19-φ6","吨",0.3,"吨'符合国家标准及行业标准；2盘，宁夏恒力钢丝绳有限公司、鞍钢钢绳有限责任公司、贵州钢绳股份有限公司",null,"一矿",12000,3600,3600,"询比采购","涉及安全生产物资，参与项目采购物资须保障矿方使用质量，满足材质要求，符合国家标准及行业标准。参考品牌：宁夏恒力钢丝绳有限公司、鞍钢钢绳有限责任公司、贵州钢绳股份有限公司，其他品牌产品技术指标等同或更优的也可竞价。"]
["1210501044","钢丝绳","6*19M-φ10","吨",0.6,"吨'符合国家标准及行业标准；2盘，宁夏恒力钢丝绳有限公司、鞍钢钢绳有限责任公司、贵州钢绳股份有限公司",null,"一矿",10000,6000]
["1210501025","钢丝绳","6*19S+FC(NF)-φ26","吨",10,"吨'符合国家标准及行业标准；附技术参数，一矿2500米，王矿1000米。宁夏恒力钢丝绳有限公司、鞍钢钢绳有限责任公司、贵州钢绳股份有限公司",null,"一矿2500米、王矿1000米",9000,90000]
["1210501010","钢丝绳","6*19S+FC(NF)-φ22","吨",2.7,"吨'符合国家标准及行业标准；附技术参数，1500米，宁夏恒力钢丝绳有限公司、鞍钢钢绳有限责任公司、贵州钢绳股份有限公司",null,"王矿1500米",9000,24300]
[1210501102,"钢丝绳","6V*19+FC-Φ36㎜","吨",5.5,"吨符合国家标准及行业标准；附技术参数、宁夏恒力钢丝绳有限公司、鞍钢钢绳有限责任公司、贵州钢绳股份有限公司",null,"王矿1000米",11000,60500]
[{"$nulls":9},184400]
["1230501024","锚杆扭力扳手","MYJ-760","套",20,"套'符合国家标准及行业标准，每套带M24套头",null,"王矿",460,9200,5400,"询比采购","涉及安全生产物资，参与项目采购物资须保障矿方使用质量，满足材质要求，符合国家标准及行业标。参考品牌：江阴金牛科技有限公司、江阴协诚机电科技有限公司，其他品牌产品技术指标等同或更优的也可竞价。"]
["1230501025","扭力扳手套头","M24","个",70,"个' 符合国家标准及行业标准；",null,"一矿50、魏矿20",200,14000]
["1230501026","扭矩放大器","XCA-9","台",100,"台' 符合国家标准及行业标准；江阴金牛科技有限公司、江阴协诚机电科技有限公司",null,"储备",1265,126500]
["1230501027","扭矩放大器","B19-M24/4.5","台",100,"台' 符合国家标准及行业标准；江阴金牛科技有限公司、江阴协诚机电科技有限公司",null,"储备",1219,121900]
[{"$nulls":9},271600]

{"sheet":"Sheet2","index":1,"n_rows":0,"n_cols":0,"rows_kept":0,"flags":["formulas_cached_only"]}

{"sheet":"Sheet3","index":2,"n_rows":0,"n_cols":0,"rows_kept":0,"flags":["formulas_cached_only"]}